|
|
|
|
| LEADER |
02768nam a2200673 a 4500 |
| 001 |
nkc20122429531 |
| 003 |
CZ PrNK |
| 005 |
20160520125944.0 |
| 007 |
ta |
| 008 |
121128s2012 xr a e 000 0 ger |
| 015 |
|
|
|a cnb002429531
|
| 020 |
|
|
|a 978-80-86525-22-8
|q (brož.)
|
| 035 |
|
|
|a (OCoLC)837502081
|
| 040 |
|
|
|a BOA001
|b cze
|d ABA001
|
| 041 |
1 |
|
|a ger
|h cze
|
| 043 |
|
|
|a e-xr---
|a e-gx---
|b e-xr-cc
|b e-xr-us
|2 czenas
|
| 072 |
|
7 |
|a 551
|x Geologie. Meteorologie. Klimatologie
|2 Konspekt
|9 7
|
| 080 |
|
|
|a 551.312.2
|2 MRF
|
| 080 |
|
|
|a 551.312.2(285.3)
|2 MRF
|
| 080 |
|
|
|a 626.86
|2 MRF
|
| 080 |
|
|
|a 547.992
|2 MRF
|
| 080 |
|
|
|a 546.26
|2 MRF
|
| 080 |
|
|
|a (437.31-16)
|2 MRF
|
| 080 |
|
|
|a (437.315)
|2 MRF
|
| 080 |
|
|
|a (437.31-15)
|2 MRF
|
| 080 |
|
|
|a (048.8)
|2 MRF
|
| 100 |
1 |
|
|a Novák, František
|7 mzk2013747666
|4 aut
|
| 245 |
1 |
0 |
|a Export von DOC aus Mooren :
|b eine Literaturrecherche /
|c František Novák ; [Übersetzung L. Zelenková]
|
| 260 |
|
|
|a České Budějovice :
|b Biologisches Zentrum der Akademie der Wissenschaften der Tschechischen Republik,
|c 2012
|
| 300 |
|
|
|a 21 s. :
|b il. (převážně barev.) ;
|c 30 cm
|
| 500 |
|
|
|a Přeloženo z češtiny
|
| 500 |
|
|
|a Název z obálky
|
| 500 |
|
|
|a Nad názvem: Forschung der Möglichkeiten für die Minimierung des Gehaltes von organischen Schadstoffen in den Wasserquellen im Erzgebirge
|
| 504 |
|
|
|a Obsahuje bibliografii
|
| 650 |
0 |
7 |
|a rašeliniště
|7 ph125035
|z Česko
|2 czenas
|
| 650 |
0 |
7 |
|a rašelinné mokřady
|7 ph125036
|z Česko
|2 czenas
|
| 650 |
0 |
7 |
|a odvodňování
|7 ph200799
|z Česko
|2 czenas
|
| 650 |
0 |
7 |
|a huminové látky
|7 ph534674
|2 czenas
|
| 650 |
0 |
7 |
|a uhlík
|7 ph158523
|2 czenas
|
| 650 |
0 |
9 |
|a peatlands
|z Czechia
|2 eczenas
|
| 650 |
0 |
9 |
|a swamp peatlands
|z Czechia
|2 eczenas
|
| 650 |
0 |
9 |
|a draining
|z Czechia
|2 eczenas
|
| 650 |
0 |
9 |
|a humic substances
|z Czechia
|2 eczenas
|
| 650 |
0 |
9 |
|a carbon
|z Czechia
|2 eczenas
|
| 651 |
|
7 |
|a Fláje (Česko : vodní nádrž)
|7 ge394668
|2 czenas
|
| 651 |
|
7 |
|a Fláje (Český Jiřetín, Česko : oblast)
|7 ge168786
|2 czenas
|
| 651 |
|
7 |
|a Krušné hory (Česko a Německo)
|7 ge134291
|2 czenas
|
| 651 |
|
9 |
|a Fláje Dam (Czechia)
|2 eczenas
|
| 651 |
|
9 |
|a Fláje Region (Český Jiřetín, Czechia)
|2 eczenas
|
| 651 |
|
9 |
|a Krušné hory Mountains (Czechia and Germany)
|2 eczenas
|
| 655 |
|
7 |
|a přehledy
|7 fd133202
|2 czenas
|
| 655 |
|
9 |
|a surveys
|2 eczenas
|
| 710 |
2 |
|
|a Výzkum možností minimalizace obsahů organických škodlivin ve zdrojích pitných vod v Krušných horách (projekt)
|7 kn20130221003
|
| 910 |
2 |
|
|a BOA001
|b 4-1300.472
|
| 928 |
9 |
|
|a Biologické centrum Akademie věd ČR
|
| 990 |
|
|
|a BK
|
| 995 |
|
|
|a 01
|
| 991 |
|
|
|b 201303
|e n
|
| 996 |
6 |
|
|b 2610540163
|c 4-1300.472
|l MZK
|r Sklad / do 1 hodiny
|n 0
|p p.v.
|w 001314341
|u 000010
|a 1
|e BOA001
|j MZK50
|s P
|